000 01391nam a2200265Ia 4500
999 _c41519
_d41519
001 8186
003 GE_BSU
005 20240402172601.0
008 181216s2010||||ge |||||||||||||| ||geo||
020 _a9992855277
040 _cGE_BSU
041 _ageo
080 _a338.22(075.8) შ–48
100 _aშენგელია, თეიმურაზ
_921691
245 _aგლობალური ბიზნესი = Global Business :
_b[სახელმძღვ. სტუდ.] /
_c თეიმურაზ შენგელია ; [რედ. რევაზ გველესიანი].
264 _aთბილისი :
_bახალი საქართველო,
_c2010.
300 _a639 გვ . :
_bცხრ., ფოტო, ნახ. ;
_c24 სმ.
_eსქემები.
500 _aტერმინთა განმარტ. ლექსიკონი : გვ. 596-627
504 _aბიბლიოგრაფია გვ. 628-639
541 _h25ლ.
653 _aგლობალური ბიზნესი=Global Business
653 _aბიზნესი -- სახელმძღვანელოები უმაღლესი სასწავლებლებისათვის
700 _aგველესიანი, რევაზ
_eრედაქტორი
_93195
942 _cBK
_2udc